[Event "Guimaraes Open 2019"]
[Site "Guimaraes"]
[Date "2019.08.29"]
[Round "3.25"]
[White "Veiga, Jose Francisco R P N"]
[Black "Soares, Sara Joana De Moura "]
[Result "1-0"]
[WhiteElo "2346"]
[BlackElo "1597"]
[Annotator "TA"]
[PlyCount "47"]
[EventDate "2019.08.28"]
[EventType "swiss"]
[EventCountry "POR"]
[SourceTitle "playchess.com"]
[Source "ChessBase"]
[SourceQuality "1"]

{[%evp 18,47,7,-20,16,25,36,38,51,58,55,44,72,41,71,71,83,49,58,65,181,180,165,115,223,144,144,140,127,140,1461,1455]} 1. Nf3 Nf6 2. c4 e6 3. g3 Be7 4. Bg2 O-O 5. O-O d5 6. b3 b6 7. Bb2 Bb7 8. e3 c5 9. Qe2 Nc6 10. Nc3 {[%cal Bb1c3,Bc3b5,Bb5d4,Bd4f5][%mdl 32]} Qc7 {A14: English Opening: 1...e6 with b3 by White} (10... a6 11. Rac1 Re8 12. Rfd1 d4 13. exd4 cxd4 14. Na4 Bc5 15. Ne5 Qd6 16. Nd3 a5 17. Nxb6 Rad8 18. Nxc5 Qxc5 {0-1 (52) Ernst,S (2535)-Van Foreest,J (2613) Amstelveen 2018}) 11. cxd5 exd5 12. d4 cxd4 {White is slightly better.} 13. Nb5 Qd7 $146 ({Predecessor:} 13... Qc8 14. Nfxd4 Nxd4 15. Bxd4 {½-½ (36) Szmetan,J (2405)-Moccero,E (2195) Buenos Aires 1998}) 14. Nfxd4 Nxd4 15. Nxd4 Rac8 16. Rfd1 Rfd8 17. Qf3 Ne4 18. Nf5 Bf6 (18... Rc2 $14 19. Qg4 g6 20. Bxe4 {[%mdl 64] Pin} Rxb2) 19. Bxf6 $18 Nxf6 20. Bh3 {[#] Nh6+! is the strong threat.} Kf8 (20... Qe8 $16) 21. Qf4 $40 {[%mdl 128] And now Qh4 would win. White is out for blood.} h6 22. Rac1 {aiming for Qb4+.} Rxc1 23. Rxc1 Bc6 $2 {[%mdl 8192] [#]} (23... d4 $16) 24. Qb4+ {Accuracy: White = 80%, Black = 17%.} 1-0

[Event "Guimaraes Open 2019"]
[Site "Guimaraes"]
[Date "2019.08.29"]
[Round "3.26"]
[White "Ruperez Benito, Antonio"]
[Black "Nunes, Eduardo"]
[Result "1-0"]
[WhiteElo "2331"]
[BlackElo "1566"]
[Annotator "ChessBase"]
[PlyCount "73"]
[EventDate "2019.08.28"]
[EventType "swiss"]
[EventCountry "POR"]
[SourceTitle "playchess.com"]
[Source "ChessBase"]
[SourceQuality "1"]
[TimeControl "5400+30"]

1. e4 {[%emt 0:00:00]} e5 {[%emt 0:00:00]} 2. Nf3 {[%emt 0:00:00]} Nf6 {[%emt 0:00:37]} 3. Nxe5 {[%emt 0:01:57]} d6 {[%emt 0:00:08]} 4. Nf3 {[%emt 0:00:15]} Nxe4 {[%emt 0:00:09]} 5. Nc3 {[%emt 0:00:04]} Nxc3 6. dxc3 {[%emt 0:00:04]} Be7 {[%emt 0:05:30]} 7. Be3 {[%emt 0:00:05]} Nc6 {[%emt 0:01:49]} 8. Qd2 {[%emt 0:00:39]} Be6 {[%emt 0:03:35]} 9. O-O-O {[%emt 0:03:21]} Qd7 {[%emt 0:03:45]} 10. Kb1 {[%emt 0:02:00]} O-O {[%emt 0:02:48]} 11. h4 {[%emt 0:00:54]} f5 {[%emt 0:03:14]} 12. Ng5 {[%emt 0:01:29]} Kh8 {[%emt 0:05:45]} 13. Nxe6 {[%emt 0:04:41]} Qxe6 {[%emt 0:00:22]} 14. g3 {[%emt 0:01:36]} Ne5 {[%emt 0:06:17]} 15. Bf4 {[%emt 0:00:59]} Rad8 {[%emt 0:07:51]} 16. Bg2 {[%emt 0:00:59]} c6 {[%emt 0:03:19]} 17. Rhe1 {[%emt 0:00:58]} Bf6 {[%emt 0:02:20]} 18. Bg5 {[%emt 0:01:18]} Bxg5 {[%emt 0:01:31]} 19. hxg5 {[%emt 0:00:07]} Rfe8 {[%emt 0:02:07]} 20. b3 {[%emt 0:00:41]} Qg6 {[%emt 0:04:09]} 21. f4 {[%emt 0:04:37]} Nf7 {[%emt 0:01:00]} 22. Bf3 {[%emt 0:00:28]} d5 {[%emt 0:01:37]} 23. Rh1 {[%emt 0:01:54]} Qe6 {[%emt 0:02:16]} 24. Qh2 {[%emt 0:04:53]} h6 {[%emt 0:01:25]} 25. Bh5 {[%emt 0:01:10]} g6 {[%emt 0:00:42]} 26. Bf3 {[%emt 0:00:02]} Qe3 {[%emt 0:03:16]} 27. Rd3 {[%emt 0:00:19]} Qc5 {[%emt 0:01:44]} 28. gxh6 {[%emt 0:00:42]} Kh7 {[%emt 0:00:21]} 29. g4 {[%emt 0:01:47]} fxg4 {[%emt 0:04:15]} 30. Bxg4 {[%emt 0:00:59]} Nd6 {[%emt 0:00:54]} 31. f5 {[%emt 0:06:55]} gxf5 {[%emt 0:02:24]} 32. Bh5 {[%emt 0:00:10]} Rg8 {[%emt 0:04:32]} 33. Qe5 {[%emt 0:01:18]} a6 {[%emt 0:08:10]} 34. Qe7+ {[%emt 0:00:48]} Kh8 {[%emt 0:00:11]} 35. h7 {[%emt 0:01:02]} Rg1+ {[%emt 0:01:14]} 36. Rd1 {[%emt 0:00:07]} Rxd1+ {[%emt 0:00:30]} 37. Bxd1 {[%emt 0:00:10]} 1-0

[Event "Guimaraes Open 2019"]
[Site "Guimaraes"]
[Date "2019.08.29"]
[Round "3.27"]
[White "Calzada Cruz, Osvaldo"]
[Black "Sanchez Aller, Fernando"]
[Result "0-1"]
[WhiteElo "1728"]
[BlackElo "2331"]
[Annotator "TA"]
[PlyCount "40"]
[EventDate "2019.08.28"]
[EventType "swiss"]
[EventCountry "POR"]
[SourceTitle "playchess.com"]
[Source "ChessBase"]
[SourceQuality "1"]

{[%evp 14,40,-1,-35,-31,-121,-98,-110,-114,-205,-167,-332,-334,-429,-438,-404,-370,-363,-289,-325,-317,-313,-311,-327,-318,-308,-308,-348,-339]} 1. e4 e5 2. Nf3 Nc6 3. d4 exd4 4. Nxd4 Nf6 5. Nxc6 bxc6 6. e5 Qe7 7. Qe2 Nd5 8. g3 (8. c4 $5 {[%cal Rc4d5]} Ba6 9. Nd2 $11) 8... g6 {C45: Scotch Game} 9. h4 $146 (9. f4 $1 $15) ({Predecessor:} 9. c4 Ba6 10. b3 Bg7 11. Bb2 O-O 12. Bg2 Rae8 13. O-O Bxe5 14. Qxe5 Qxe5 15. Bxe5 Rxe5 16. cxd5 Bxf1 17. Kxf1 cxd5 18. Na3 c6 19. Rd1 Rb8 20. Bf3 Rb6 21. Be2 Kf8 22. Nc2 Rb8 23. Rd4 Re4 24. Rd1 Re5 25. Rd4 Re4 26. Rd1 {½-½ (26) Mamedov,R (2650)-Jakovenko,D (2704) Poikovsky 2019}) 9... Bg7 $17 10. f4 O-O {Black is better.} 11. b3 (11. c4 $17 {was necessary.} Ba6 12. Qf3) 11... f6 {[%cal Rf6e5]} 12. Bg2 $2 (12. Ba3 d6 13. exd6 (13. c4 $2 Nxf4 {[%mdl 64] Remove Defender} 14. gxf4 fxe5 $17)) 12... fxe5 $19 13. Bb2 {[#]} Ba6 $1 {[%mdl 512]} 14. c4 (14. Qxa6 exf4+) 14... Rae8 15. O-O exf4 16. Bxd5+ {Black has a decisive advantage.} cxd5 {[%cal Bc6d5,Bd5c4][%mdl 32]} 17. Qxe7 Rxe7 18. Bxg7 Kxg7 ({But not} 18... Rxg7 19. Nc3 $19) 19. Nc3 c6 ({Don't do} 19... dxc4 20. Nd5 $19) 20. gxf4 dxc4 0-1

[Event "Guimaraes Open 2019"]
[Site "Guimaraes"]
[Date "2019.08.29"]
[Round "3.28"]
[White "Camarena Jimenez, Rufino"]
[Black "Dias, Jose Oliveira Gaspar"]
[Result "1-0"]
[WhiteElo "2317"]
[BlackElo "1563"]
[Annotator "TA"]
[PlyCount "101"]
[EventDate "2019.08.28"]
[EventType "swiss"]
[EventCountry "POR"]
[SourceTitle "playchess.com"]
[Source "ChessBase"]
[SourceQuality "1"]

{[%evp 18,101,55,43,100,97,114,109,95,99,96,57,65,51,42,50,104,96,116,116,154,146,164,158,202,181,187,119,148,125,125,125,125,125,137,143,133,125,173,150,163,136,157,147,231,117,250,239,279,284,279,287,320,312,327,294,385,378,382,391,379,358,1477,1467,1466,1362,1743,1713,1656,1690,29980,29978,29990,29990,29990,29991,29991,29990,29993,29994,29995,29996,29996,29986,29997,29998]} 1. d4 Nf6 2. Nf3 d6 3. c4 g6 4. Nc3 Bg7 5. e4 O-O 6. Be2 Nbd7 7. O-O e5 8. Be3 Ng4 9. Bg5 f6 10. Bh4 exd4 {E94: King's Indian: Classical: 6 Be2 e5 7 0-0: Various Black 7th moves} (10... g5 $14) (10... h5 11. h3 Nh6 12. Bg3 a5 13. Qd2 Nf7 14. Rad1 c6 15. Qc2 Re8 16. a3 Qe7 17. b4 axb4 18. axb4 Ng5 {½-½ (40) Feller,S (2574)-Naiditsch,A (2697) Brest 2018}) 11. Nxd4 $16 Nde5 12. h3 Nh6 {White is better.} 13. f4 Nc6 14. Bf3 $146 ({Predecessor:} 14. Qd2 Nf7 15. Rad1 Nxd4 16. Qxd4 f5 17. Qxg7+ Kxg7 18. Bxd8 Nxd8 {½-½ (81) Prazak,J (1645)-Pastva,T Klatovy 2000}) 14... g5 15. Nxc6 bxc6 16. Bg3 $36 {[%mdl 2048] White fights for an advantage.} Bd7 ({Black should play} 16... f5 $14) 17. Qd2 Kh8 18. Rad1 g4 19. hxg4 Bxg4 20. f5 Qe8 21. Bf4 Bxf3 22. Rxf3 (22. gxf3 $18 Nf7 23. Qh2) 22... Ng4 23. Rh3 Rf7 24. Qe2 Ne5 25. Kf2 Re7 26. Rdh1 Bf8 27. b3 Nd7 28. g4 Rf7 29. Kf1 Qe7 30. Qh2 {Threatens to win with g5!} Ne5 {[#]} (30... Rg7 $16) 31. Rg3 (31. g5 $1 $18 {[%cal Rg5g6][%mdl 512]} fxg5 {[#]} 32. Bxg5 $1 {[%mdl 512]}) 31... Re8 (31... Rg7 $16 {was called for.}) 32. Qh5 $18 Qd7 33. g5 fxg5 34. Rxg5 (34. Qxg5 Rg7 $14) 34... Nd3 35. Be3 ({Not} 35. Qg6 Bh6 $16) 35... Ne5 {If Black can now play ...Be7 this consolidates a bit.} 36. Bd4 {Strongly threatening Qg6.} (36. Bxa7 c5 $16) 36... h6 37. Ne2 ({But not} 37. Qg6 Bg7 $18) 37... Rh7 38. Rg3 {aiming for Nf4.} c5 39. Bc3 {And now Nf4 would win.} Ree7 $2 (39... Qf7 40. Nf4 Qxh5 41. Rxh5 Bg7 42. Bxe5 dxe5) 40. Nf4 {White threatens Ng6+! and mate.} Bg7 41. Bxe5 Rxe5 42. Ng6+ {[%mdl 64] Double Attack} Kg8 43. Nxe5 dxe5 44. Ke2 {White mates.} Kh8 45. Rd1 Qe7 46. Rg6 Qe8 47. Qg4 h5 48. Qg5 Qf7 49. Rd8+ Bf8 50. Qf6+ Rg7 51. Rxf8+ {Accuracy: White = 70%, Black = 47%.} 1-0

[Event "Guimaraes Open 2019"]
[Site "Guimaraes"]
[Date "2019.08.29"]
[Round "3.29"]
[White "Garcia Moreno, Carlos"]
[Black "Pina, Tiago"]
[Result "1-0"]
[WhiteElo "2292"]
[BlackElo "1548"]
[Annotator "ChessBase"]
[PlyCount "53"]
[EventDate "2019.08.28"]
[EventType "swiss"]
[EventCountry "POR"]
[SourceTitle "playchess.com"]
[Source "ChessBase"]
[SourceQuality "1"]
[TimeControl "5400+30"]

1. e4 {[%emt 0:00:00]} c5 {[%emt 0:00:00]} 2. Nf3 {[%emt 0:00:00]} Nc6 {[%emt 0:00:00]} 3. d4 {[%emt 0:00:06]} cxd4 {[%emt 0:00:00]} 4. Nxd4 {[%emt 0:00:17]} g6 {[%emt 0:00:00]} 5. Nc3 {[%emt 0:01:01]} Bg7 {[%emt 0:00:00]} 6. Nde2 {[%emt 0:01:02]} d6 {[%emt 0:00:15]} 7. h3 {[%emt 0:03:22]} Nf6 {[%emt 0:01:04]} 8. g4 {[%emt 0:06:17]} h6 {[%emt 0:00:58]} 9. Bg2 {[%emt 0:00:20]} a6 {[%emt 0:04:15]} 10. Be3 {[%emt 0:04:15]} Bd7 {[%emt 0:01:28]} 11. O-O {[%emt 0:06:41]} b5 {[%emt 0:02:53]} 12. b3 {[%emt 0:09:38]} Rc8 {[%emt 0:02:58]} 13. Qd2 {[%emt 0:04:35]} Qc7 {[%emt 0:05:39]} 14. Rfe1 {[%emt 0:08:47]} Na5 {[%emt 0:02:38]} 15. Rac1 {[%emt 0:09:13]} Be6 {[%emt 0:09:37]} 16. Nd5 {[%emt 0:03:35]} Bxd5 {[%emt 0:00:17]} 17. exd5 {[%emt 0:00:05]} Nd7 {[%emt 0:01:32]} 18. c3 {[%emt 0:03:28]} Nc5 {[%emt 0:14:34]} 19. Nd4 {[%emt 0:07:19]} h5 {[%emt 0:03:46]} 20. Bg5 {[%emt 0:02:18]} f6 {[%emt 0:02:14]} 21. Bf4 {[%emt 0:02:01]} Kf7 {[%emt 0:00:38]} 22. Qe2 {[%emt 0:07:06]} Nab7 {[%emt 0:03:31]} 23. b4 {[%emt 0:01:57]} Na4 {[%emt 0:00:13]} 24. Ne6 {[%emt 0:00:55]} Nxc3 {[%emt 0:01:30]} 25. Nxc7 {[%emt 0:01:30]} Nxe2+ {[%emt 0:00:17]} 26. Rxe2 {[%emt 0:00:03]} g5 {[%emt 0:00:20]} 27. Be3 {[%emt 0:01:09]} 1-0

[Event "Guimaraes Open 2019"]
[Site "Guimaraes"]
[Date "2019.08.29"]
[Round "3.30"]
[White "Silva, Daniel Frederico V"]
[Black "Alonso Garcia, Aaron"]
[Result "0-1"]
[WhiteElo "1655"]
[BlackElo "2291"]
[Annotator "ChessBase"]
[PlyCount "112"]
[EventDate "2019.08.28"]
[EventType "swiss"]
[EventCountry "POR"]
[SourceTitle "playchess.com"]
[Source "ChessBase"]
[SourceQuality "1"]
[TimeControl "5400+30"]

1. e4 {[%emt 0:01:10]} c5 {[%emt 0:00:00]} 2. Nf3 {[%emt 0:00:10]} a6 {[%emt 0:00:00]} 3. d4 {[%emt 0:01:51]} cxd4 {[%emt 0:00:00]} 4. Nxd4 {[%emt 0:00:31]} Nf6 {[%emt 0:00:00]} 5. Nc3 {[%emt 0:02:01]} e5 {[%emt 0:00:02]} 6. Nf3 {[%emt 0:01:07]} Bb4 {[%emt 0:00:04]} 7. Bd3 {[%emt 0:06:11]} d6 {[%emt 0:00:12]} 8. h3 {[%emt 0:01:42]} O-O {[%emt 0:00:06]} 9. O-O {[%emt 0:00:35]} Nbd7 {[%emt 0:00:02]} 10. Bd2 {[%emt 0:06:36]} Qc7 {[%emt 0:00:39]} 11. a3 {[%emt 0:11:45]} Bxc3 {[%emt 0:00:57]} 12. Bxc3 {[%emt 0:00:17]} Nc5 {[%emt 0:00:03]} 13. Re1 {[%emt 0:01:25]} Na4 {[%emt 0:00:04]} 14. Qd2 {[%emt 0:01:47]} Rd8 {[%emt 0:13:12]} 15. Rad1 {[%emt 0:10:49]} Nxc3 {[%emt 0:01:34]} 16. Qxc3 {[%emt 0:01:24]} Qxc3 {[%emt 0:00:09]} 17. bxc3 {[%emt 0:00:08]} Bd7 {[%emt 0:01:31]} 18. c4 {[%emt 0:06:49]} Bc6 {[%emt 0:06:28]} 19. Rb1 {[%emt 0:05:14]} Nd7 {[%emt 0:00:05]} 20. a4 {[%emt 0:02:29]} a5 {[%emt 0:05:27]} 21. c3 {[%emt 0:02:53]} Nc5 {[%emt 0:00:48]} 22. Bc2 {[%emt 0:00:14]} Bxa4 {[%emt 0:10:41]} 23. Bxa4 {[%emt 0:01:43]} Nxa4 {[%emt 0:00:01]} 24. Rxb7 {[%emt 0:01:05]} Nc5 {[%emt 0:01:51]} 25. Rc7 {[%emt 0:04:11]} Rdc8 {[%emt 0:00:23]} 26. Rxc8+ {[%emt 0:02:02]} Rxc8 {[%emt 0:00:01]} 27. Nd2 {[%emt 0:03:22]} Rb8 {[%emt 0:00:05]} 28. Rd1 {[%emt 0:01:20]} Kf8 {[%emt 0:02:37]} 29. f3 {[%emt 0:00:26]} a4 {[%emt 0:00:40]} 30. Rb1 {[%emt 0:02:06]} Ra8 {[%emt 0:03:47]} 31. Kf2 {[%emt 0:01:44]} a3 {[%emt 0:03:18]} 32. Ra1 {[%emt 0:00:11]} a2 {[%emt 0:00:02]} 33. Ke2 {[%emt 0:01:27]} Ra3 {[%emt 0:00:04]} 34. Nb1 {[%emt 0:01:08]} axb1=Q {[%emt 0:00:49]} 35. Rxb1 {[%emt 0:00:08]} Ra2+ {[%emt 0:00:19]} 36. Kf1 {[%emt 0:00:56]} Rc2 {[%emt 0:00:05]} 37. Rb8+ {[%emt 0:00:41]} Ke7 {[%emt 0:00:01]} 38. Rg8 {[%emt 0:00:19]} g6 {[%emt 0:00:22]} 39. Rh8 {[%emt 0:00:30]} h5 {[%emt 0:00:06]} 40. Rb8 {[%emt 0:00:19]} Rxc3 {[%emt 0:00:22]} 41. Rb4 {[%emt 0:00:30]} Kf6 {[%emt 0:00:14]} 42. Rb6 {[%emt 0:00:22]} Ke6 {[%emt 0:00:16]} 43. Rb4 {[%emt 0:00:16]} h4 {[%emt 0:00:06]} 44. Rb8 {[%emt 0:00:25]} Rxc4 {[%emt 0:00:14]} 45. Re8+ {[%emt 0:00:11]} Kf6 {[%emt 0:00:07]} 46. Rh8 {[%emt 0:00:11]} Rc1+ {[%emt 0:00:19]} 47. Ke2 {[%emt 0:00:16]} Rc2+ {[%emt 0:00:05]} 48. Kf1 {[%emt 0:00:04]} Kg5 {[%emt 0:00:22]} 49. Rf8 {[%emt 0:00:10]} f5 {[%emt 0:03:02]} 50. exf5 {[%emt 0:00:09]} gxf5 {[%emt 0:00:02]} 51. Kg1 {[%emt 0:00:34]} Nd3 {[%emt 0:00:13]} 52. Kf1 {[%emt 0:00:08]} Kf4 {[%emt 0:00:10]} 53. Rh8 {[%emt 0:00:29]} Ke3 {[%emt 0:00:05]} 54. Kg1 {[%emt 0:00:21]} Rc1+ {[%emt 0:00:04]} 55. Kh2 {[%emt 0:00:29]} Nf2 {[%emt 0:00:03]} 56. g3 {[%emt 0:00:20]} Kxf3 {[%emt 0:00:04]} 0-1

[Event "Guimaraes Open 2019"]
[Site "Guimaraes"]
[Date "2019.08.29"]
[Round "3.31"]
[White "Ribeiro, Orlando"]
[Black "Jimenez Martinez, Jose Vicente"]
[Result "0-1"]
[WhiteElo "1621"]
[BlackElo "2264"]
[Annotator "TA"]
[PlyCount "64"]
[EventDate "2019.08.28"]
[EventType "swiss"]
[EventCountry "POR"]
[SourceTitle "playchess.com"]
[Source "ChessBase"]
[SourceQuality "1"]

{[%evp 10,64,46,37,54,37,45,36,33,12,18,-139,-135,-164,-172,-167,-174,-208,-216,-207,-165,-245,-204,-217,-215,-217,-202,-227,-220,-227,-182,-175,-175,-177,-162,-174,-161,-187,-197,-189,-185,-176,-133,-200,-197,-224,-79,-209,-236,-219,-236,-214,-183,-400,-393,-342,-313]} 1. e4 d6 2. d4 g6 3. Nc3 Bg7 4. Be3 a6 5. a4 b6 6. Bc4 e6 {B06: Modern Defence} 7. Qd2 (7. f4 Bb7 8. Be2 Nd7 9. Bf3 Ne7 10. e5 Qc8 11. Bxb7 Qxb7 12. Qf3 O-O-O {0-1 (70) Cherniaev,A (2417)-Kokarev,D (2603) Voronezh 2018}) 7... Bb7 8. Nge2 Nf6 {White is slightly better.} 9. f3 Nc6 10. Bh6 $146 {[#]} (10. Ba2 $11) ({Predecessor:} 10. O-O-O d5 11. exd5 exd5 12. Ba2 O-O 13. Bh6 Nb4 14. Bxg7 Kxg7 {0-1 (41) Lucena Moreno,R (2030)-Espinosa Aranda,A (2422) Linares 2016}) 10... Nxe4 $1 $17 {[%mdl 576] Decoy} 11. Nxe4 Qh4+ {[%mdl 64] Double Attack} 12. g3 Qxh6 13. Qxh6 Bxh6 14. Bb3 O-O-O 15. Kf2 (15. h4 $142) 15... Na5 16. Ba2 d5 17. Nf6 c5 18. c3 Nc6 19. Rhd1 Kb8 20. f4 Bg7 21. Ng4 f6 22. Rd2 a5 23. dxc5 bxc5 24. Rad1 h5 25. Ne3 Rhf8 26. h4 (26. Bb1 $17) 26... Bh6 $19 27. Rd3 Ne7 (27... g5 $19 {Hoping for ...Ba6.} 28. f5 c4) 28. Nc1 (28. b4 $17 {is a better defense.}) 28... Kc7 29. b4 c4 {[%cal Bc5c4,Bc4c3][%mdl 32]} 30. R3d2 e5 31. Ng2 $2 (31. bxa5 g5 32. Ne2) 31... axb4 32. cxb4 c3 {Accuracy: White = 33%, Black = 57%.} 0-1

[Event "Guimaraes Open 2019"]
[Site "Guimaraes"]
[Date "2019.08.29"]
[Round "3.32"]
[White "Fidalgo, Andre Neves"]
[Black "Almeida, Jose Antonio Ferreir"]
[Result "1-0"]
[WhiteElo "2261"]
[BlackElo "1507"]
[Annotator "ChessBase"]
[PlyCount "97"]
[EventDate "2019.08.28"]
[EventType "swiss"]
[EventCountry "POR"]
[SourceTitle "playchess.com"]
[Source "ChessBase"]
[SourceQuality "1"]
[TimeControl "5400+30"]

1. d4 {[%emt 0:00:00]} Nf6 {[%emt 0:00:00]} 2. Nf3 {[%emt 0:00:00]} g6 {[%emt 0:00:20]} 3. c4 {[%emt 0:00:00]} Bg7 {[%emt 0:00:20]} 4. g3 {[%emt 0:00:00]} O-O {[%emt 0:00:10]} 5. Bg2 {[%emt 0:00:00]} c6 {[%emt 0:02:09]} 6. O-O {[%emt 0:00:16]} d5 {[%emt 0:01:30]} 7. Ne5 {[%emt 0:02:39]} Nbd7 {[%emt 0:01:36]} 8. Nc3 {[%emt 0:02:20]} e6 {[%emt 0:04:07]} 9. f4 {[%emt 0:02:37]} Qc7 {[%emt 0:04:14]} 10. b3 {[%emt 0:01:28]} a6 {[%emt 0:05:36]} 11. a4 {[%emt 0:05:41]} Qd6 {[%emt 0:18:45]} 12. cxd5 {[%emt 0:04:47]} exd5 {[%emt 0:05:22]} 13. Ba3 {[%emt 0:00:07]} Qe6 {[%emt 0:01:38]} 14. Bxf8 {[%emt 0:00:15]} Kxf8 {[%emt 0:00:57]} 15. Qd3 {[%emt 0:03:04]} Qe7 {[%emt 0:06:28]} 16. h3 {[%emt 0:02:11]} h5 {[%emt 0:01:25]} 17. e4 {[%emt 0:01:31]} dxe4 {[%emt 0:00:22]} 18. Nxe4 {[%emt 0:00:08]} Nxe4 {[%emt 0:00:34]} 19. Qxe4 {[%emt 0:04:10]} Nf6 {[%emt 0:02:09]} 20. Qe2 {[%emt 0:00:26]} Be6 {[%emt 0:00:21]} 21. Rae1 {[%emt 0:00:09]} Rd8 {[%emt 0:01:30]} 22. Nxg6+ {[%emt 0:08:24]} fxg6 {[%emt 0:02:45]} 23. Qxe6 {[%emt 0:00:09]} Qxe6 {[%emt 0:00:02]} 24. Rxe6 {[%emt 0:00:10]} Rxd4 {[%emt 0:01:51]} 25. Rfe1 {[%emt 0:00:18]} Rd7 {[%emt 0:00:30]} 26. Bf3 {[%emt 0:04:41]} Kf7 {[%emt 0:00:29]} 27. g4 {[%emt 0:00:55]} hxg4 {[%emt 0:01:40]} 28. hxg4 {[%emt 0:00:24]} Nd5 {[%emt 0:00:42]} 29. Bxd5 {[%emt 0:10:51]} cxd5 {[%emt 0:00:10]} 30. R6e2 {[%emt 0:00:10]} d4 {[%emt 0:03:41]} 31. Rd1 {[%emt 0:00:06]} Rc7 {[%emt 0:02:40]} 32. Rd3 {[%emt 0:01:59]} Rc5 {[%emt 0:02:04]} 33. Kg2 {[%emt 0:00:29]} Rc1 {[%emt 0:07:04]} 34. Kf3 {[%emt 0:01:09]} Rc7 {[%emt 0:01:39]} 35. Re1 {[%emt 0:01:17]} Rc2 {[%emt 0:00:34]} 36. Ke4 {[%emt 0:00:20]} Rc5 {[%emt 0:01:12]} 37. Re2 {[%emt 0:01:20]} Bf6 {[%emt 0:00:23]} 38. Rh2 {[%emt 0:00:37]} Bg7 {[%emt 0:00:06]} 39. Rhh3 {[%emt 0:00:59]} Kg8 {[%emt 0:00:47]} 40. Rh2 {[%emt 0:04:37]} b5 {[%emt 0:00:24]} 41. axb5 {[%emt 0:00:17]} Rxb5 {[%emt 0:00:05]} 42. Rc2 {[%emt 0:00:10]} a5 {[%emt 0:00:55]} 43. Rc8+ {[%emt 0:01:46]} Kf7 {[%emt 0:00:01]} 44. Rc7+ {[%emt 0:00:07]} Kg8 {[%emt 0:03:34]} 45. Rd7 {[%emt 0:00:26]} Rb4 {[%emt 0:00:17]} 46. Ra7 {[%emt 0:06:50]} Rb5 {[%emt 0:00:02]} 47. Rc7 {[%emt 0:01:30]} Rb4 {[%emt 0:01:11]} 48. Rc5 {[%emt 0:01:09]} a4 {[%emt 0:00:08]} 49. Rc4 {[%emt 0:00:04]} 1-0

[Event "Guimaraes Open 2019"]
[Site "Guimaraes"]
[Date "2019.08.29"]
[Round "3.33"]
[White "Rubio Barrio, Juan Antonio"]
[Black "Garcia Dorado, Alberto"]
[Result "1/2-1/2"]
[WhiteElo "1603"]
[BlackElo "2205"]
[Annotator "ChessBase"]
[PlyCount "112"]
[EventDate "2019.08.28"]
[EventType "swiss"]
[EventCountry "POR"]
[SourceTitle "playchess.com"]
[Source "ChessBase"]
[SourceQuality "1"]
[TimeControl "5400+30"]

1. c4 {[%emt 0:00:00]} e5 {[%emt 0:00:00]} 2. Nc3 {[%emt 0:00:00]} Bb4 {[%emt 0:00:00]} 3. Nd5 {[%emt 0:00:24]} Bc5 {[%emt 0:00:00]} 4. g3 {[%emt 0:02:39]} c6 {[%emt 0:00:28]} 5. Nc3 {[%emt 0:00:39]} Nf6 {[%emt 0:00:52]} 6. Bg2 {[%emt 0:00:52]} O-O {[%emt 0:00:38]} 7. Nf3 {[%emt 0:01:13]} e4 {[%emt 0:02:03]} 8. Ng1 {[%emt 0:13:19]} d5 {[%emt 0:00:58]} 9. cxd5 {[%emt 0:01:29]} cxd5 {[%emt 0:00:20]} 10. d4 {[%emt 0:01:10]} exd3 {[%emt 0:09:54]} 11. Qxd3 {[%emt 0:00:39]} Qb6 {[%emt 0:00:14]} 12. e3 {[%emt 0:01:32]} d4 {[%emt 0:03:28]} 13. Nd5 {[%emt 0:08:44]} Nxd5 {[%emt 0:00:39]} 14. Bxd5 {[%emt 0:00:28]} dxe3 {[%emt 0:00:29]} 15. Bxe3 {[%emt 0:02:08]} Bxe3 {[%emt 0:00:06]} 16. fxe3 {[%emt 0:03:07]} Re8 {[%emt 0:05:13]} 17. e4 {[%emt 0:02:58]} Qxb2 {[%emt 0:02:02]} 18. Rb1 {[%emt 0:00:46]} Qg2 {[%emt 0:01:08]} 19. Qf3 {[%emt 0:01:07]} Qxf3 {[%emt 0:00:19]} 20. Nxf3 {[%emt 0:00:17]} Nc6 {[%emt 0:00:16]} 21. O-O {[%emt 0:02:28]} Re7 {[%emt 0:00:47]} 22. Ng5 {[%emt 0:01:46]} Ne5 {[%emt 0:00:11]} 23. Rf2 {[%emt 0:03:10]} Bg4 {[%emt 0:06:02]} 24. h3 {[%emt 0:05:21]} Bh5 {[%emt 0:00:11]} 25. g4 {[%emt 0:00:30]} Bg6 {[%emt 0:00:04]} 26. Rxb7 {[%emt 0:01:04]} Rxb7 {[%emt 0:01:05]} 27. Bxb7 {[%emt 0:00:20]} Rb8 {[%emt 0:00:46]} 28. Bd5 {[%emt 0:00:42]} Rb1+ {[%emt 0:00:37]} 29. Kh2 {[%emt 0:02:20]} h6 {[%emt 0:04:00]} 30. Nf3 {[%emt 0:01:07]} Nxf3+ {[%emt 0:12:49]} 31. Rxf3 {[%emt 0:00:29]} Rc1 {[%emt 0:00:15]} 32. Kg3 {[%emt 0:04:36]} Kf8 {[%emt 0:00:30]} 33. Rb3 {[%emt 0:01:22]} Rc7 {[%emt 0:00:12]} 34. Rb8+ {[%emt 0:00:29]} Ke7 {[%emt 0:00:11]} 35. Rb7 {[%emt 0:00:26]} Rxb7 {[%emt 0:00:14]} 36. Bxb7 {[%emt 0:00:02]} f6 {[%emt 0:00:33]} 37. Kf4 {[%emt 0:01:19]} Bf7 {[%emt 0:01:33]} 38. Bd5 {[%emt 0:02:34]} Be6 {[%emt 0:01:47]} 39. Bxe6 {[%emt 0:01:44]} Kxe6 {[%emt 0:00:10]} 40. h4 {[%emt 0:00:55]} g5+ {[%emt 0:00:16]} 41. hxg5 {[%emt 0:00:39]} hxg5+ {[%emt 0:00:01]} 42. Kf3 {[%emt 0:00:31]} Kd6 {[%emt 0:00:10]} 43. Ke2 {[%emt 0:01:49]} Ke6 {[%emt 0:05:19]} 44. Kd3 {[%emt 0:00:48]} Kd7 {[%emt 0:01:25]} 45. Ke3 {[%emt 0:04:38]} Kc6 {[%emt 0:00:59]} 46. Kd3 {[%emt 0:01:15]} Kc5 {[%emt 0:13:40]} 47. Kc3 {[%emt 0:00:33]} Kd6 {[%emt 0:01:36]} 48. Kd4 {[%emt 0:00:34]} Ke6 {[%emt 0:00:11]} 49. Kd3 {[%emt 0:00:24]} a6 {[%emt 0:01:47]} 50. a3 {[%emt 0:01:57]} Kd7 {[%emt 0:01:26]} 51. Kd4 {[%emt 0:01:29]} Kd6 {[%emt 0:00:18]} 52. Kd3 {[%emt 0:00:18]} Ke5 {[%emt 0:05:08]} 53. Ke3 {[%emt 0:00:17]} Ke6 {[%emt 0:00:07]} 54. Kd4 {[%emt 0:00:23]} Kd6 {[%emt 0:00:09]} 55. Kd3 {[%emt 0:00:29]} Ke5 {[%emt 0:00:02]} 56. Ke3 {[%emt 0:00:10]} Ke6 1/2-1/2